| 000 | 01232nam a22003015i 4500 | ||
|---|---|---|---|
| 001 | 162328 | ||
| 003 | ES-MaACL | ||
| 005 | 20250725063231.0 | ||
| 008 | 041112s1803 fr ac |||| | fre d | ||
| 040 |
_aCAM _bspa _cCAM |
||
| 100 | 0 |
_aPlutarco _992678 |
|
| 245 | 1 | 4 |
_aLes vies des hommes illustres. _nTome onzième / _cde Plutarque ; traduites en françois, avec des remarques historiques et critiques, par M. Dacier. |
| 250 | _aNouv. éd., rev. et corr. | ||
| 260 |
_aA Lyon : _bchez Amable Leroy, _c1803. |
||
| 300 |
_a[4], 488 p., [4] h. de grab. ; _c17 cm. |
||
| 505 | 8 | _aContiene, según consta en port.: Démosthene, Ciceron, Démétrius, Antoine | |
| 595 | _aDato de ed. precede a mención de parte. | ||
| 597 | _aSign.: []2, A-V12, X4. | ||
| 597 | _aAntep. | ||
| 599 | _aLas h. de grab. xil., retratos de los biografiados. | ||
| 600 | 0 | 4 |
_aDemóstenes. _943670 |
| 600 | 1 | 4 |
_aCicerón, Marco Tulio. _938748 |
| 600 | 1 | 4 |
_aDemetrio _bI _cRey de Macedonia. _9149934 |
| 600 | 1 | 4 |
_aAntonio, Marco. _9149935 |
| 700 | 1 |
_aDacier, André, _d1651-1722 _9126689 |
|
| 852 |
_aES-MaACL _jZ-263 _z-- Enc. pasta española _z-- Ex-libris ms. de Juan Antonio Posse, cura de San Andrés |
||
| 999 |
_c162328 _d162328 |
||